15 Najszybszych Afrykańskich zwierząt - Statystyki

Ogólne statystyki
  • Ten quiz został rozwiązany 44 razy
  • Średni wynik to 5 z 15
Statystyki odpowiedzi
Nr. Km/h Odpowiedź % Poprawnych
1 ok.120 Gepard
95%
5 ok.77 Lew
89%
6 ok.75 Gnu
68%
9 ok.65 Zebra
58%
11 ok.58 Żyrafa
53%
10 ok.63 Likaon
32%
3 ok.85 Gazela
26%
14 ok.53 Bawół afrykański
21%
4 ok.78 Impala
16%
8 ok.70 Struś afrykański
11%
7 ok.73 Antylopa hartebeest
5%
2 ok.90 Antylopa springbok
5%
15 ok.48 Guziec Afrykański
5%
12 ok.57 Hiena cętkowana
5%
13 ok.55 Kudu wielkie
5%
Nie znaleziono quizów pasujących do podanych kryteriów
Rozkład punktacji
Procent ludzi z każdym wynikiem
Percentyl według liczby udzielonych odpowiedzi
Twoja historia wyników
Nie rozwiązałeś tego quizu